00237nam a22000977a 4500003000500000038001200005082001300017245005900030260002500089300002500114NUST aTanveer a624bVAZ aConcise Handbook of Civil Engineering /cV.N. Vazirani aNew Delhi :b?c1993 aviii, 127p. :c25cm.